Semená vystrelili

Bibliographic Details
Main Author: Sandelin, Peter (Author)
Other Authors: Hiadlovská, Magdaléna (Translator)
Format: Article
Language:Slovak
ISSN:0231-6269
Subjects:

MARC

LEADER 00000nab a2200000 a 4500
001 vtls000629563
003 SK-MaSNL
005 20260304094816.0
008 250425c1997 xo 0 slo
015 |a SNBRB19rr/mm-uuuuu 
035 |a CL0629702 
035 |a urn:nbn:sk:snk-abbqxu 
035 |a (urnnbn)urn:nbn:sk:snk:ar-0053xl 
035 |a (uuid)f11bef5b-a43d-49a8-83e8-d50f01b5c521 
040 |a SNKBUCL  |b slo  |c SNKBUCL  |e AACR2 
041 0 |a slo 
044 |a xo  |c SK 
080 |a 839.7-1  |2 1981 
100 1 |a Sandelin, Peter  |4 aut  |9 1391527 
245 1 0 |a Semená vystrelili  |c Peter Sandelin ; Prekl. Magdaléna Hiadlovská 
650 0 7 |a miniatúry básnické  |2 snkbucl  |9 900261 
655 7 |a články z novín a časopisov  |2 snkbucl  |9 267496 
700 1 |a Hiadlovská, Magdaléna  |4 trl  |9 11114 
773 0 |t Revue svetovej literatúry  |g Roč. 33, č. 2 (1997), s. 150  |x 0231-6269 
850 |a Slovenská národná knižnica 
852 |a Slovenská národná knižnica 
958 |a article15 
958 |a OND 
958 |a LX 
958 |a SE 
958 |a RK 
958 |a EUIPO 
992 |a RBX 
999 |c 2829071  |d 2831001